000 00454nam a2200181Ia 4500
001 3627
005 20260306145657.0
008 260306t2008||||xx |||||||||||||| ||spa||
041 _aESP
082 _a300.72
_bS52 2008
100 _aSierra Bravo, R.
_eAUT
245 0 _aTécnicas de investigación social:
_bTeoría y ejercicios
260 _c2008
300 _a714 páginas :
_c21 cm.
650 _aGEN
654 _aCHU
942 _cLIB
_dJUS
_fJUS
_2ddc
_n
999 _c3627
_d3627